Statistics for World Map with 14 Countries Too Large

Click here to take the quiz!

General Stats

  • This quiz has been taken 117 times
  • The average score is 9 of 14

Answers on the Map

Answers color-coded by a green-red scale on the quiz's map according to % correct below.
 

Answer Stats

Answer% Correct
Finland
89%
Colombia
86%
Chad
85%
South Korea
80%
Iran
75%
Ireland
75%
Hungary
62%
Bangladesh
61%
Lesotho
60%
Guatemala
52%
Uruguay
45%
Ghana
34%
Madagascar
34%
Fiji
20%

Score Distribution

Percentile by Number Answered

Percent of People with Each Score

Your Score History

You have not taken this quiz